Detalles MARC
| 000 -LIDER |
| fixed length control field |
01344nam a2200277 a 4500 |
| 003 - IDENTIFICACDOR DE NÚMERO DE CONTROL |
| control field |
DO-SdBNP |
| 005 - DATE AND TIME OF LATEST TRANSACTION |
| control field |
20220119105153.0 |
| 008 - ELEMENTOS DE LONGITUD FIJA |
| fixed length control field |
150304s 2013 dr acd 00 0 spa d |
| 020 ## - ISBN |
| International Standard Book Number |
9789945887211 |
| 040 ## - FUENTE DE CATALOGACIÓN |
| Agencia que crea de manera original el registro |
DO-SdBNP |
| Idioma de catalogación |
spa |
| Agencia que realiza la transcripción |
BPMSU |
| 082 ## - NÚMERO DE CLASIFICACIÓN DECIMAL DE DEWEY |
| Classification number |
370.7293 |
| Item number |
C932e |
| Edition number |
22 |
| 245 03 - MENCIÓN DE TITULO |
| Título |
La crisis educativa y el modelo económico-político en República Dominicana / |
| Mención de responsabilidad |
Juan Bosch... [et al.] ; compilación Matías Bosch. |
| 260 ## - PUBLICACIÓN, DISTRIBUCIÓN, ETC. (PIE DE IMPRENTA) |
| Lugar de publicación, distribución, etc |
Santo Domingo : |
| Nombre del editor, distribuidor, etc. |
Fundación Juan Bosch, |
| Fecha de publicación, distribución, etc |
2013. |
| 300 ## - DESCRIPCIÓN FÍSICA |
| Extensión |
116 p. : |
| Otros detalles físicos |
il., retrs. ; |
| Dimensiones |
23 cm. |
| 490 0# - MENCIÓN DE SERIES |
| Mención de serie |
Bosch vive |
| Volume/sequential designation |
4 |
| 504 ## - NOTA DE BIBLIOGRAFÍA, ETC. |
| Bibliography, etc |
Bibliografía : p. 114-116 |
| 505 0# - NOTA DE CONTENIDO |
| Texto normalizado de contenido |
Introducción -- |
| Título |
La educación es una actividad clasica -- |
| -- |
Cuatro preguntas a Juan Bosch -- |
| -- |
La educación desarraigada / |
| Mención de responsabilidad |
Matías Bosch -- |
| Título |
Limitaciones de la estructura económica para la igual-equidad educativa |
| Mención de responsabilidad |
María Barrenese -- |
| Título |
Motivos libertarios en la escuela dominicana / |
| Mención de responsabilidad |
Juan Miguel Pérez -- |
| Título |
El deber es poder: contextos de opresión, escuelas de liberación / |
| Mención de responsabilidad |
José Antinoe Fiallo Billini. |
| 590 ## - NOTA LOCAL |
| Enlace |
Inventariado, 2022/VM |
| 650 ## - ENCABEZAMIENTO DE MATERIA--TEMÁTICO |
| Término temático o nombre geográfico como elemento de entrada |
Educación |
| 650 #4 - ENCABEZAMIENTO DE MATERIA--TEMÁTICO |
| Término temático o nombre geográfico como elemento de entrada |
Crisis educativa. |
| Subdivisión geográfica |
República Dominicana |
| 650 #4 - ENCABEZAMIENTO DE MATERIA--TEMÁTICO |
| Término temático o nombre geográfico como elemento de entrada |
Igualdad en la educación. |
| 650 #4 - ENCABEZAMIENTO DE MATERIA--TEMÁTICO |
| Término temático o nombre geográfico como elemento de entrada |
Edución |
| Subdivisión temática general |
Aspectos económicos |
| Subdivisión geográfica |
República Dominicana |
| 700 1# - ASIENTO SECUNDARIO -- NOMBRE PERSONAL |
| Nombre personal |
Bosch, Matías, |
| Mención de responsabilidad |
comp. |
| 910 ## - VALIDACIÓN |
| Validación |
VMateo V. |
| 942 ## - ADDED ENTRY ELEMENTS (KOHA) |
| Source of classification or shelving scheme |
Dewey Decimal Classification |
| Koha item type |
Libros |